Pasaporte renovado (Record no. 4363)

MARC details
000 - LÍDER
campo de control de longitud fija 00811nam a2200181Ia 4500
008 - ELEMENTOS DE DATOS DE LONGITUD FIJA - INFORMACIÓN GENERAL
campo de control de longitud fija 0000001999 sp a 0000000000spa00
090 ## - NÚMERO DE LLAMADA DE TIPO LC LOCALMENTE ASIGNADO (OCLC)
Número de clasificación (OCLC) (R) PSP00 C72a
100 1# - ENTRADA PRINCIPAL - NOMBRE PERSONAL
Nombre de la persona Crespo, Angel
245 10 - TÍTULO DECLARACIÓN
Título Pasaporte renovado
Resto del título : ángel Pascual Rodrigo
Declaración de responsabilidad / textos Angel Crespo, Angel Pascual
260 ## - PUBLICACIÓN, DISTRIBUCIÓN
Lugar de publicación [Calacette] : Museo Juan Cabré
Fecha de publicación 1999
300 ## - DESCRIPCIÓN FÍSICA
Alcance 32 p.
Dimensiones / 13 cm.
500 ## - NOTA GENERAL
Nota general Exposición realizada en el Ayuntamiento de Alcañiz y en el Museo Juan Cabré, Calaceite, Aragón, 1999 \ Con el patronazgo del maestro venezolano Jesús Rafael Soto (q.e.p.d.) \ Registro auspiciado por el IDCT. Bogotá
600 00 - ENTRADA DE SUJETO AÑADIDO - NOMBRE PERSONAL
Nombre de la persona PASCUAL RODRIGO, ANGEL, 1951/
Subdivisión general TRABAJOS PICTORICOS
650 14 - ENTRADA DE SUJETO AÑADIDO - TÉRMINO TÓPICO
Término tópico o elemento de entrada del nombre geográfico ARTE CONTEMPORANEO ESPAÑOL
650 14 - ENTRADA DE SUJETO AÑADIDO - TÉRMINO TÓPICO
Subdivisión general CATALOGOS
650 14 - ENTRADA DE SUJETO AÑADIDO - TÉRMINO TÓPICO
Subdivisión general EXPOSICIONES
650 14 - ENTRADA DE SUJETO AÑADIDO - TÉRMINO TÓPICO
Término tópico o elemento de entrada del nombre geográfico PINTURA ESPAÑOLA
Holdings
Estado de retirada Pérdida de estatus Estado dañado No para préstamo Código de recogida Ubicación permanente Ubicación actual Ubicación de las estanterías Fecha de adquisición Número de llamada completo Código de barras Fecha de la última vez que se vio Número de copia Precio efectivo desde Tipo de artículo Koha
        General ArtNexus ArtNexus General 06/09/2022 P-SP-00 C72A 4367 06/09/2022 Ej.1 06/09/2022 Libro

Powered by Koha